Mount and man; (Record no. 552463)

000 -LEADER
fixed length control field 00586cam a22001451 4500
082 ## - DEWEY DECIMAL CLASSIFICATION NUMBER
Classification number 357.2
Author Mark MCT
-- D
100 1# - MAIN ENTRY--PERSONAL NAME
Personal name McTaggart, M. F.
9 (RLIN) 49676
245 10 - TITLE STATEMENT
Title Mount and man;
Remainder of title a key to better horsemanship,
Statement of responsibility, etc. by Lieut.-Col. M. F. McTaggart, with a foreword by Field-Marshal Viscount Allenby, illustrations by Lionel Edwards.
260 ## - PUBLICATION, DISTRIBUTION, ETC.
Place of publication, distribution, etc. London,
Name of publisher, distributor, etc. Country life ltd.;
Place of publication, distribution, etc. New York,
Name of publisher, distributor, etc. C. Scribner's sons,
Date of publication, distribution, etc. 1925.
300 ## - PHYSICAL DESCRIPTION
Extent xvi, 135 p.
Other physical details front., illus., XXVI pl.
Dimensions 26 cm.
526 ## - STUDY PROGRAM INFORMATION NOTE
Program name 0
Interest level 0
Reading level 0
Title point value 357_200000000000000_MCT
650 #0 - SUBJECT ADDED ENTRY--TOPICAL TERM
Topical term or geographic name entry element Horsemanship.
9 (RLIN) 49677
650 #0 - SUBJECT ADDED ENTRY--TOPICAL TERM
Topical term or geographic name entry element MCE
9 (RLIN) 379
942 ## - ADDED ENTRY ELEMENTS (KOHA)
Source of classification or shelving scheme
Koha item type Book
Holdings
Withdrawn status Lost status Source of classification or shelving scheme Damaged status Not for loan Permanent Location Current Location Shelving location Date acquired Total Checkouts Full call number Barcode Date last seen Price effective from Koha item type
          Military College of Engineering (MCE) Military College of Engineering (MCE)   01/15/2015   357.2 MCT MCE-ECM/25 01/15/2015 01/15/2015 Book
© 2023 Central Library, National University of Sciences and Technology. All Rights Reserved.